000 02009cam a22005174i 4500
003 PE-LiUPU
005 20250731172745.0
008 150617s r 000 0 d
035 _a(Sirsi) a12231
040 _aPE-LiUPU
_bspa
_cPE-LiUPU
_erda
049 _aPRUA
082 0 4 _a226.1
_bA68
_221
100 1 _aArens, Eduardo,
_eautor.
245 1 4 _aLos Evangelios Ayer y Hoy :
_buna introducción hemenéutica /
_cEduardo Arens.
250 _a2a
264 1 _aLima :
_bEdiciones Paulinas,
_c1989.
300 _a316 páginas ;
_c18 cm.
336 _atext
_2rdacontent
337 _aunmediated
_2rdamedia
338 _avolume
_2rdacarrier
490 0 _aColección Buena Nueva
504 _aInclluye bibliografía.
505 0 _aLa etapa oral : de Jesús a la predicación -- La etapa escrita: de la predicación a los evangelios -- Hermenéutica : de ayer a hoy -- Cómo leer hoy los evangelios.
526 _aSEG42
526 _aSEG41
526 _aSEG40
526 _aSEG39
526 _aP94
526 _aP87
526 _aP86
526 _aP85
526 _aP77
526 _aP76
526 _aP35
630 _aBiblia
_pN.T.
_pEvangelios
_xIntroducciones.
910 _ajck
_bjvq
_cjck
_d20150616
942 _2ddc
_cBOOK
949 _a226.1 A68
_wDEWEY
_c1
_i38580
_lCCODEBUL1
_mBUL
_p00.00
_r0
_sY
_tBOOK
_u19900711
_xTEOLOGIA
_PP35
_0COMPRA
_o.STAFF. Colección general
949 _a226.1 A68
_wDEWEY
_c2
_i33966
_lCCODEBUL1
_mBUL
_p00.00
_r0
_sY
_tBOOK
_u19900711
_xTEOLOGIA
_PP35
_0COMPRA
_o.STAFF. Colección general
994 _aC0
_bPEPRU
596 _a1
999 _a226.1 A68
_wDEWEY
_c2467
_i38580
_f2021-11-9
_g5
_lCCODEBUL1
_mBUL
_r0
_sY
_tBOOK
_u2015-6-17
_xTEOLOGIA
_PP35
_0COMPRA
_o.STAFF. Colección general
_d2467
999 _a226.1 A68
_wDEWEY
_c2
_i33966
_f2021-11-9
_g5
_lCCODEBUL1
_mBUL
_r0
_sY
_tBOOK
_u2015-6-17
_xTEOLOGIA
_PP35
_0COMPRA
_o.STAFF. Colección general
980 _81
_gALBERTO SANCHEZ Responsable de Automatización